|
|
|
|
| LEADER |
00702nam a2200217Ia 4500 |
| 001 |
CTU_115724 |
| 008 |
210402s9999 xx 000 0 und d |
| 020 |
|
|
|c 60000
|
| 082 |
|
|
|a 330.9
|
| 082 |
|
|
|b S462
|
| 100 |
|
|
|a Seitz, Konrad
|
| 245 |
|
0 |
|a Cuộc chạy đua vào thế kỷ XXI :
|
| 245 |
|
0 |
|b (Sách tham khảo)
|
| 245 |
|
0 |
|c Konrad Seitz ; Người dịch: Nguyễn Quang, Phan Trọng Hùng, Nguyễn Thế Truyền
|
| 260 |
|
|
|a Hà Nội
|
| 260 |
|
|
|b Chính trị Quốc gia
|
| 260 |
|
|
|c 2004
|
| 650 |
|
|
|a Economic aspects,Developing countries,Economics
|
| 650 |
|
|
|x History
|
| 904 |
|
|
|i Giang
|
| 980 |
|
|
|a Trung tâm Học liệu Trường Đại học Cần Thơ
|